Compléter répliques du film Rrrrrrr! - Statistiques

Statistiques générales
  • Ce quiz a été pris 694 fois
  • Le résultat moyen est 11 sur 20
Statistiques - réponses
Réplique Mot manquant % Correct
Çà va être tout noir ! Ta _____ Gueule
99%
Vous connaissez ma femme ? Oui chef ! Elle est _____ hein ? belle
95%
Très bien, on va faire l'appel ! _____ ? Pierre
93%
Avant on marchait sur quatre pattes. Maintenant on marche sur deux pattes. Si ça se trouve, un jour on marchera sur ____ patte... zéro
76%
A mais je sais ! Elle est morte de vieillesse. Mais _____ jeune
71%
C'est quoi ton type à toi de _____ à toi ? femme
63%
Mais si c’est pas un animal qui l’a tué, c’est p’tet un _____! végétal
56%
- Ah donc vôtre chef c’est le _____? - Bah nan c’est moi ! chauve
55%
On va se laver tes cheveux ? Nan désolé, je ne suis pas du genre à _____ le premier soir. doucher
53%
Une petite partie de _____ ? biche-volley
52%
- Celui qui dit qu’il l’a fait, je lui offre… un sandwiiiiich. - À quoi le sandwich ? - À la _____. fraise
51%
J’vois l’intérêt de caresser une joue, j’vois l’intérêt d’bouger les _____ mais j’vois pas l’intérêt de tuer quelqu’un ! cailloux
42%
Vous êtes puérils, on dirait des _____! puéricultrices
42%
J’ai toujours été _____, mon grand père était _____, mon père était _____, mes enfants et mes petits enfants étaient _____ frisé
41%
Tu vois au début je t’aimais pas beaucoup. Mais là plus le temps passe, et moins je peux te _____. saquer
39%
Donne pas la patte, donne pas la patte. C’est bien ! C’est un bon _____! yorkmouth
34%
Ça fait deux morts là, ça commence à être ennuyeux ! Après ça va être qui ? Ça va être toi, après ça va être toi, après ça va être toi... Bon là ça va. Mais après ça va être moi. Et là ça va être _____. triste
33%
C’est _____ce que tu dis parce que c’est pas tellement _____! marrant
25%
Guy elle m'aime ! Je suis un _____ maintenant. Couple
23%
Là on est au sommet du _____. goufre
8%
Aucun quiz correspondant
Distribution des résultats
% des personnes avec chaque résultat
Percentile par nombre de réponses
Votre historique - résultats
Vous n’avez pas pris ce quiz